Risultati del Napoli in UEFA Europa League 2015-2016 - Statistics

Statistiche generali
  • Questo quiz è stato fatto 5 volte
  • Il punteggio medio è 5 su 8
Statistiche sulle risposte
Hint Risposta % Corretto
Napoli - Club Bruges 5-0
80%
Napoli - Legia Varsavia 5-2
80%
Club Burges - Napoli 0-1
60%
Legia Varsavia - Napoli 0-2
60%
Midtjylland - Napoli 1-4
60%
Napoli -Midtjylland 5-0
60%
Villarreal - Napoli 1-0
40%
Napoli - Villarreal 1-1
40%
Nessun quiz corrispondente trovato
Distribuzione punteggi
Percentuale di utenti per punteggio
Percentile per numero di risposta
I tuoi punteggi nel tempo
Non hai fatto questo quiz